|
|
|
|
| LEADER |
01638nam a2200409 i 4500 |
| 001 |
EBC2088321 |
| 003 |
MiAaPQ |
| 005 |
20200124075628.0 |
| 006 |
m o d | |
| 007 |
cr cnu|||||||| |
| 008 |
200124s2012 be ob 000 0 fre d |
| 020 |
|
|
|z 9782804453831
|
| 020 |
|
|
|a 9782804456597
|q (electronic bk.)
|
| 035 |
|
|
|a (MiAaPQ)EBC2088321
|
| 035 |
|
|
|a (Au-PeEL)EBL2088321
|
| 035 |
|
|
|a (OCoLC)914149537
|
| 040 |
|
|
|a MiAaPQ
|b eng
|e rda
|e pn
|c MiAaPQ
|d MiAaPQ
|
| 050 |
|
4 |
|a HD2956
|b .D737 2012
|
| 082 |
0 |
|
|a 334
|2 23
|
| 100 |
1 |
|
|a Draperi, Jean-Francois,
|e author.
|
| 245 |
1 |
3 |
|a La republique cooperative /
|c Jean-Francois Draperi.
|
| 264 |
|
1 |
|a Bruxelles :
|b Larcier,
|c [2012]
|
| 264 |
|
4 |
|c 2012
|
| 300 |
|
|
|a 1 online resource (327 pages).
|
| 336 |
|
|
|a text
|b txt
|2 rdacontent
|
| 337 |
|
|
|a computer
|b c
|2 rdamedia
|
| 338 |
|
|
|a online resource
|b cr
|2 rdacarrier
|
| 490 |
1 |
|
|a Droit et economie sociale et solidaire
|
| 504 |
|
|
|a Includes bibliographical references.
|
| 588 |
|
|
|a Description based on print version record.
|
| 590 |
|
|
|a Electronic reproduction. Ann Arbor, MI : ProQuest, 2018. Available via World Wide Web. Access may be limited to ProQuest affiliated libraries.
|
| 650 |
|
0 |
|a Cooperative societies
|x History.
|
| 655 |
|
4 |
|a Electronic books.
|
| 776 |
0 |
8 |
|i Print version:
|a Draperi, Jean-Francois.
|t Republique cooperative.
|d Bruxelles : Larcier, c2012
|h 327 pages
|k Droit et economie sociale et solidaire.
|z 9782804453831
|
| 797 |
2 |
|
|a ProQuest (Firm)
|
| 830 |
|
0 |
|a Droit et economie sociale et solidaire.
|
| 856 |
4 |
0 |
|u https://ebookcentral.proquest.com/lib/matrademy/detail.action?docID=2088321
|z Click to View
|